| 000 | 01211nam a2200277 i 4500 | ||
|---|---|---|---|
| 003 | EG-ScBUE | ||
| 005 | 20231130104605.0 | ||
| 008 | 120423s2009 ua f 00010 ara d | ||
| 017 | _a2009 / 1703 | ||
| 020 | _a9771806076 | ||
| 040 |
_aEG-ScBUE _bara _erda _cEG-ScBUE _dEG-ScBUE |
||
| 082 | 0 | 4 |
_a892.709001 _bج ا د _222 |
| 100 | 1 |
_929713 _aجاد المولى، محمد أحمد، _d1883-1944، _eمؤلف. |
|
| 245 | 1 | 0 |
_aأيام العرب في الجاهلية / _cتأليف محمد أحمد جاد المولى بك، علي محمد البجاوي، محمد أبو الفضل إبراهيم. |
| 264 | 1 |
_aالقاهرة : _bمطبعة دار الكتب والوثائق القومية، _c2009. |
|
| 300 |
_a448 صفحة ؛ _c22 سم |
||
| 336 |
_2rdacontent _aنص _btxt |
||
| 337 |
_aبدون وسيط _2rdamedia _bn |
||
| 338 |
_aمجلد _bnc _2rdacarrier |
||
| 500 | _aيشتمل على كشافات. | ||
| 650 | 7 |
_aالأدب العربي _xتاريخ _yالعصر الجاهلي. _2BUEsh |
|
| 655 | _vReading book | ||
| 700 | 1 |
_929714 _aالبجاوي، علي محمد، _eمؤلف. |
|
| 700 | 1 |
_929715 _aإبراهيم، محمد أبو الفضل، _eمؤلف. |
|
| 942 |
_2ddc _cBB |
||
| 999 |
_c16685 _d16685 |
||